| 000 | 00332nam a22001337a 4500 | ||
|---|---|---|---|
| 020 | _a9781556483844 | ||
| 082 | _a005.8 LEO | ||
| 100 | _aLeon-Chisen, Nelly | ||
| 245 | _aICD-10-CM and ICD-10-PCS coding handbook, with answers | ||
| 260 |
_aChicago _bAHA press _c2012 |
||
| 650 | _aCoding | ||
| 700 | _aNelly Leon-Chisen | ||
| 942 | _cBK | ||
| 999 |
_c11555 _d11555 |
||